000
00296nam a22001217a 4500
008
170905b xxu||||| |||| 00| 0 eng d
041
_a
eng
080
_a
070
100
_a
40
101
_a
MED
245
_a
VOUCHERS AND THE PROVISION OF PUBLIC SERVICES
_c
STEUERLE.C.E
942
_2
udc
_c
BK
999
_c
26159
_d
26159